000 00631cam a2200205 4500500
005 20260405002422.0
041 _afre
042 _adc
100 1 0 _aTenaillon, Nicolas
_eauthor
245 0 0 _aUn racisme imaginaire. Islamophobie et culpabilité
260 _c2017.
500 _a44
690 _aCulpabilité
690 _aIslam
690 _aIslamophobie
690 _aMichel Eltchaninoff
690 _aPascal Bruckner
786 0 _nPhilosophie magazine | 108 | 4 | 2017-04-01 | p. 56-57 | 1951-1787
856 4 1 _uhttps://shs.cairn.info/magazine-philosophie-magazine-2017-4-page-56?lang=fr&redirect-ssocas=7080
999 _c2057489
_d2057489